Call the Midwife Surname Swap Quiz Stats

 Plays Quiz not verified by Sporcle

Score 0/7 Timer 01:00
0 Plays Today
% Correct
Emerald Mount
93.4%
Helen Franklin
92%
Jessica Lee
90.5%
Stephen Turner
88.3%
Cliff Buckle
88.3%
Linda Crane
88.3%
Ben Noakes
87.6%

You're not logged in!

Compare scores with friends on all Sporcle quizzes.
OR
Log In

Show Comments

Extras

Top Quizzes Today


Score Distribution

Your Account Isn't Verified!

In order to create a playlist on Sporcle, you need to verify the email address you used during registration. Go to your Sporcle Settings to finish the process.

Report this User

Report this user for behavior that violates our Community Guidelines.

Details: